00780nam a2200241 a 4500001001000000003000500010005001700015008004100032010001100073011001100084020001800095040000900113082001300122100002200135245017700157260003400334300001100368490003000379650002100409700003700430700004100467830003000508000116013CHAP20220329144557.0190828s2014 mx |r| ||||f|spa d a112474 a113446 a9786079619718 cCHAP04a863bJ611 aJiménez, Mario.13aLa casa 15 de la privada de las 14 casas :bgozar de la apariencia del ser /cpor Mario Jimenéz., Editado por Frida Varinia Ramos Koprivitza y Alfredo Castro Mondragón. aMorelos :b2014,cQuadrivium. a183 p. aLas puertas del laberinto14aNovela mexicana.1 aCastro Mondragón, Alfredoeed.1 aRamos Koprivitza, Frida Variniaeed. 4aLas puertas del laberinto